|
|
|
|
| LEADER |
00000cam a2200000 7i4500 |
| 001 |
0000000015 |
| 005 |
20050419.0 |
| 040 |
|
|
|a INS
|
| 090 |
0 |
0 |
|a HF5548.4.L67
|b D53 1991
|
| 100 |
1 |
|
|a Diacogiannis, George
|
| 245 |
1 |
0 |
|a Lotus 1-2-3 for finance and business :
|b A practical guide
|c George Diacogiannis,Edgar de Souza
|
| 260 |
|
|
|a Wokingham,England :
|b Addison-Wesley ,
|c 1991
|
| 650 |
0 |
0 |
|a Business
|x Computer program
|
| 650 |
0 |
0 |
|a Computers
|
| 650 |
0 |
0 |
|a Electronic spreadsheets
|
| 650 |
0 |
0 |
|a Lotus 1-2-3
|x Computer program
|
| 700 |
1 |
|
|a De Souza, Edgar
|
| 999 |
|
|
|a 0000004502
|b BOOK
|c Open Shelf
|e Default branch
|